03896nam a2200325 a 4500003000500000005001700005007000300022008004100025020002200066040002300088041002300111050002200134082003000156245009100186250001800277264002700295300005000322336002700372337002800399338002100427505023900448520262700687650003503314650003703349650003803386650003603424650003203460650003703492700004103529CHAP20250701103827.0ta220602s2024 mx o frd 001 0 spa d a978-607-625-106-5 amxchpuacCHAPerda aspabspafspahspa1 aS584.4b.D53 2024 220aC 668.60294bD53 202410aDiccionario de especialidades agroquímicas 2024 /ccoordinadora Magdalena Herrera M. a34a edición aMéxico :bPLM,c2024 a1v. (en varias paginaciones) :btablas, fotos 2rdacontentatextobtxt 2rdamediaano mediadobn 2rdaavolumenbnc0 aÍNDICES -- Índice general -- Índice de usos agrícolas -- Índice de ingedientes activos -- Índice de cultivos -- DICCIONARIO DE PRODUCTOS -- SECCIÓN SEMILLAS -- Diccionario de semillas -- Índice de cultivos de semillas2 aPLM ha cumplido, una vez más, con su compromiso de recopilar, organizar y presentar la información más relevante y actual del mercado agrícola, la nutrición vegetal y las semillas dentro del inmenso campo de las ciencias agrícolas Este gran esfuerzo se ha consolidado, con enorme gusto, a través de la presente 34* edición del Diccionario de Especialidades Agroquímicas (DEAQ) 2024. los Desde sus orígenes, esta obra surgió con el propósito tanto de resolver las necesidades informativas inherentes al manejo y uso de los productos agroquímicos como de mantener actualizados a profesionales de la producción agrícola en México. Como en cada edición, esta obra contiene el Diccionario de Productos y el Diccionario de Semillas, en los cuales los profesionales de la agricultura, de alimentos a horticultura, la ingeniería forestal, agroindustrial y agroecología, dispondrán de la información más reciente de los productos y semillas disponibles en el mercado mexicano enfocados a la producción Quienes trabajamos en PLM lo hacemos con los más altos estándares de calidad para recuperar y estructurar toda esta información en un volumen con el fin de apoyar a los profesionales de la producción agrícola de México en sus tareas del día a día. Además de los contenidos ya mencionados, esta nueva edición del DEAQ cuenta con cuatro índices: General: Abarca los nombres comerciales de los diferentes productos agroquímicos participantes en esta edición. Usos agrícolas: Detalla el uso común de los químicos en la agricultura. Ingredientes activos: Aborda los nombres genéricos de los diferentes químicos agrícolas. Cultivos: Incluye los nombres de las diferentes variedades de cultivos agrícolas en los que se pueden Utilizar los productos descritos en esta edición. Asimismo, la segunda sección de este DEAQ está especializada en Semillas, y cuenta con la información clave y más confiable para su adquisición, manejo y uso. Nuestros equipos editorial y científico trabajan para contribuir positivamente en el desarrollo de la práctica profesional de quienes se remiten a PLM para consultar y solucionar sus dudas. Toda esta información se encuentra a su alcance, tanto aquí publicada como en nuestros canales digitales, ya sea a página http //wwwagroquimicos-organicosplm.com/ o bien en aplicación PLM Agroquímicos (disponible para Android e i0S). PLM agradece una vez más la confianza de los profesionales de la industria agrícola con esta edición del Diccionario de Especialidades Agroquímicas (DEAQ). 13aPlaguicidas2atgxDiccionarios13aFertilizantesxDiccionarios2atg13aAgroquímicosvDiccionarios2atg13aPesticides vDictionaries2atg13aFertilizers vDictionaries13aAgrochemicalsvDictionaries2atg1 a Herrera M., Magdalenaecoordinadora